000 00641nam a2200229 a 4500
999 _c2905
_d2905
003 PK-NaQUE
005 20250604091149.0
008 250604b ||||| |||| 00| 0 eng d
020 _a0029776503 (paperback)
020 _a9780029776506 (paperback)
040 _cQUEST
082 _a519.5WAL
100 _aWalpole, Ronald E.
245 0 0 _aIntroduction to Statistics.
250 _a3rd ed.
260 _aNew York
_bMacmillan Publishing Co, Inc
_c1982
300 _aXV,520P
650 _aStatistics
650 _aMathematical statistics
856 4 0 _uhttp://10.10.170.122:8080/browse/book/27505
_yDownload eBook
942 _cBK
_2ddc